Statistics for Name the cricketer

Click here to take the quiz!

General Stats

  • This quiz has been taken 22 times
  • The average score is 8 of 15

Answer Stats

Answer% Correct
Virat Kohli
100%
Joe Root
89%
Steve Smith
84%
Jos Buttler
63%
Kane Williamson
63%
Trent Boult
58%
Babar Azam
53%
Kagiso Rabada
47%
Tim Paine
47%
Hardik Pandya
42%
Jimmy Anderson
42%
Andre Russell
37%
Mitchell Starc
37%
Quinton de Kock
37%
Shakib al Hassan
37%

Score Distribution

Percentile by Number Answered

Percent of People with Each Score

Your Score History

You have not taken this quiz